| 000 | 01767cam a22004097a 4500 | ||
|---|---|---|---|
| 003 | CHAP | ||
| 005 | 20220329133712.0 | ||
| 008 | 971013s1994 r 00010 d | ||
| 010 | _a9699 | ||
| 011 | _a10671 | ||
| 035 | _a9909 | ||
| 040 | _cCHAP | ||
| 082 |
_a338.972 I59 1993 _bHgo. |
||
| 110 |
_aInstituto Nacional de Estadística, Geografía e Informática. México _959304 |
||
| 245 | 0 |
_aCuaderno estadístico municipal _b: Hidalgo |
|
| 260 |
_aAguascalientes, Ags. : _bINEGI, _c1994-199 |
||
| 300 |
_av. _b; gráfs. ; tablas |
||
| 500 | _ac. de Cuaderno de información básica para la planeación municipal | ||
| 500 | _aLa biblioteca tiene : v.1 Tulancingo de Bravo -- v.2 Tula de Allende -- v.3 Pachuca de Soto | ||
| 590 |
_aBATCH-UPD _b10 _c20130109 _lUCH01 _h2350 |
||
| 590 |
_aBATCH-UPD _b10 _c20130110 _lUCH01 _h1340 |
||
| 590 |
_aBATCH-UPD _b10 _c20130409 _lUCH01 _h1921 |
||
| 590 |
_aBATCH-UPD _b10 _c20130410 _lUCH01 _h0841 |
||
| 590 |
_aBATCH-UPD _b10 _c20130914 _lUCH01 _h1455 |
||
| 590 |
_aCONVERSION _b10 _c20130109 _lUCH01 _h1306 |
||
| 650 | 1 | 4 |
_aAgricultura _xEstadisticas _zHidalgo. _91454 |
| 650 | 1 | 4 |
_aGanadería _xEstadísticas _zHidalgo. _944713 |
| 650 | 1 | 4 |
_aHidalgo _xCondiciones económicas _zHidalgo. _9175395 |
| 650 | 1 | 4 |
_aHidalgo _xCondiciones sociales. _955171 |
| 650 | 1 | 4 |
_aHidalgo _xEstadísticas. _955174 |
| 901 | _aBK | ||
| 942 | _cLIBRO | ||
| 949 |
_a338.972 I59 1993 Hgo. _bBC _cINEGI _d33724000550661 _eINEGI _fv.1 c.2 _gI.c/e _h86150 _i9909 _si |
||
| 949 |
_a338.972 I59 1993 Hgo. _bBC _cINEGI _d33724000550786 _eINEGI _fv.1 _gI.c/e _h86149 _i9909 _si |
||
| 949 |
_a338.972 I59 1993 Hgo. _bBC _cINEGI _d33724000551123 _eINEGI _fv.3 _gI.c/e _h86152 _i9909 _si |
||
| 949 |
_a338.972 I59 1993 Hgo. _bBC _cINEGI _d33724000551685 _eINEGI _fv.2 _gI.c/e _h86151 _i9909 _si |
||
| 999 |
_c9699 _d9699 |
||